MARC details
| 000 -CABECERA |
| campo de control de longitud fija |
01031nam a2200265 a 4500 |
| 003 - IDENTIFICADOR DEL NÚMERO DE CONTROL |
| campo de control |
MX-MxUPN |
| 005 - FECHA Y HORA DE LA ÚLTIMA TRANSACCIÓN |
| campo de control |
20240924070808.0 |
| 008 - ELEMENTOS DE LONGITUD FIJA--INFORMACIÓN GENERAL |
| campo de control de longitud fija |
991125s1927 pn r 000 0 spa d |
| 035 ## - NÚMERO DE CONTROL DEL SISTEMA |
| Número de control de sistema |
UPN01000037712 |
| 040 ## - FUENTE DE LA CATALOGACIÓN |
| Centro catalogador/agencia de origen |
MX-MxUPN |
| Lengua de catalogación |
spa |
| Centro/agencia transcriptor |
MX-MxUPN |
| 041 1# - CÓDIGO DE IDIOMA |
| Código de lengua del texto/banda sonora o título independiente |
spa |
| Código de lengua original |
eng |
| 050 #4 - SIGNATURA TOPOGRÁFICA DE LA BIBLIOTECA DEL CONGRESO |
| Número de clasificación |
BF431 S8 |
| Número de documento/Ítem |
T44 |
| 100 1# - ASIENTO PRINCIPAL--NOMBRE PERSONAL |
| Nombre de persona |
Terman, Lewis M. |
| Forma completa/desarrollada del nombre |
(Lewis Madison), |
| Fechas asociadas al nombre |
1877-1956 |
| 9 (RLIN) |
30807 |
| 245 10 - MENCIÓN DE TÍTULO |
| Título |
Medición de la inteligencia : |
| Resto del título |
exposición y guía para el uso de la revisión y extensión de Stanford de la escala de Binet y Simon |
| 260 ## - PUBLICACIÓN, DISTRIBUCIÓN, ETC. |
| Lugar de publicación, distribución, etc. |
Panamá : |
| Nombre del editor, distribuidor, etc. |
Imprenta Nacional, |
| Fecha de publicación, distribución, etc. |
1927. |
| 300 ## - DESCRIPCIÓN FÍSICA |
| Extensión |
273 páginas ; |
| Dimensiones |
24 cm. |
| 650 #4 - ASIENTO SECUNDARIO DE MATERIA - TERMINO TEMATICO |
| Término de materia o nombre geográfico como elemento de entrada |
Inteligencia |
| 9 (RLIN) |
939 |
| 650 #4 - ASIENTO SECUNDARIO DE MATERIA - TERMINO TEMATICO |
| Término de materia o nombre geográfico como elemento de entrada |
Pruebas mentales |
| 9 (RLIN) |
15534 |
| 700 1# - ASIENTO SECUNDARIO--NOMBRE DE PERSONAL |
| Nombre de persona |
Calvo, Federico |
| 9 (RLIN) |
48863 |
| Término indicativo de función/relación |
traducción |
| 700 1# - ASIENTO SECUNDARIO--NOMBRE DE PERSONAL |
| Nombre de persona |
Pérez, Luis F. |
| 9 (RLIN) |
48864 |
| Término indicativo de función/relación |
traducción |
| 710 1# - ASIENTO SECUNDARIO - NOMBRE CORPORATIVO |
| Nombre de entidad corporativa o nombre de jurisdicción como elemento de entrada |
México. |
| Unidad subordinada |
Secretaría de Educación Pública. |
| -- |
Biblioteca Pública |
| Término indicativo de función/relación |
propietario anterior |
| 9 (RLIN) |
51349 |
| 710 2# - ASIENTO SECUNDARIO - NOMBRE CORPORATIVO |
| Nombre de entidad corporativa o nombre de jurisdicción como elemento de entrada |
Museo Pedagógico Nacional (México) |
| 9 (RLIN) |
51335 |
| Término indicativo de función/relación |
propietario anterior |
| 902 ## - ELEMENTOS DE DATOS B LOCAL, LDB (RLIN) |
| Creó |
Víctor Ruiz/110523 |
| 942 ## - ELEMENTOS DE PUNTO DE ACCESO ADICIONAL (KOHA) |
| Fuente del sistema de clasificación o colocación |
Library of Congress Classification |
| Tipo de ítem Koha |
Libro |